000 00694nam 22002173 4500
001 198018
010 _a972-706-359-4
021 _aPT
_b169145/01
090 _a198018
100 _a20250922d u||y0pory50 ba
200 _aDicionário português-ucraniano, ucraniano-português
_fO. V. Dmitriev, G. V. Stepenko
205 _a1ª facsimilada
210 _aLisboa
_cUlmeiro
_d2002
215 _a[VI], 616, [2] p.
_cbrochado
_d16 cm
606 _913781
_aObras gerais de referência
_xEnciclopédias, dicionários, léxicos, glossários
675 _a030
_vPT
_zpor
700 _914026
_aDimitriev
_bO. V.
701 _914028
_aStepenko
_bG. V.
801 _aPT
_bBMMN
_gRPC
830 _cVanda
990 _cLIVROS